Towards a new development strategy for Latin America: pathways from Hirschman's thought

Saved in:
Bibliographic Details
Main Author: Teitel, Simón (Author)
Format: Book
Language:English
Published: Washington, D.C Inter-American Development Bank 1992
Edition:1a. ed
Subjects:
Tags: Add Tag
No Tags, Be the first to tag this record!

MARC

LEADER 00000cam a2200000 a 4500
001 UCD1546
003 CL-VaPUC
008 160310e19920000us |||||||||||||||||eng|d
020 |a 094060244X 
082 0 4 |a 338.8  |b TEI  |2 21 
100 0 |a Teitel, Simón  |e author  |9 584648 
245 1 0 |a Towards a new development strategy for Latin America: pathways from Hirschman's thought 
250 |a 1a. ed 
300 |a 403 p 
942 |c BK 
945 |d 20160310 23:10:00  |a arojas 
260 |a Washington, D.C  |b Inter-American Development Bank  |c 1992 
650 0 |a Desarrollo económico  |9 259599 
650 0 |a Desarrollo político  |9 323087 
650 0 |a Desarrollo social  |9 264534 
651 0 |a Latinoamérica  |9 316393 
583 |a last modification  |c 20160310 23:10:00  |k Rodrigo Vera 
999 |c 362834  |d 362832 
952 |0 0  |1 0  |3 erb  |4 0  |6 338_800000000000000_TEI_1992  |7 0  |8 A  |9 474357  |a BIBING  |b BIBING  |i 5265843  |o 338.8 TEI 1992  |p 5265843  |r 2025-01-20  |w 2019-11-24  |y BK  |z Catalogado en:20160310  |k ING